00762nam a2200205Ia 4500001002100000003000900021008004100030040002300071041001100094100005600105245005900161250001500220260003800235300002800273490000900301501012400310520007600434700002100510700002500531876-ERA ro op (8301)IT-MiSPE171229s9999||||xx |||||||||||||| ||und|| aIT-MiSPEcIT-MiSPE aLATINO aErasmo da Rotterdam (Erasmo Desiderio da Rotterdam) 0aOpus Epistolarum Des. Erasmi RoteradamibVI. 1525-1527 a1a ed. (v) aOxoniibTyp. Clarendonianusc1926 aXXV, 518 p. [v.]c24 cm v 6° aEdizioni San Paolo srl - Piazza Soncino, 5 - 20092 CINISELLO BALSAMO (MI) (non commercial uses only) ® Copyright 2018 aDenuo recognitum et auctum per Persy Stafford Allen et Helen Mary Allen aHelen Mary Allen aPersy Stafford Allen